000 00273nam a2200121 a 4500
005 20141022142007.0
008 081003s19uu xx 00 eng d
050 _aVCD
_bO2 2005
245 _aOne giant leap.
650 _aVCD.
650 _aOne giant leap.
942 _cAVM
999 _c276545
_d276545